Tadao Ando: 1983-1992

Saved in:
Bibliographic Details
Main Author: Levene, Richard C (Author)
Other Authors: Márquez Cecilia, Fernando (autor)
Format: Book
Language:Spanish
Published: Madrid El Croquis 1996
Subjects:
Tags: Add Tag
No Tags, Be the first to tag this record!

MARC

LEADER 00000nam a2200000 a 4500
001 UCP2115
003 CL-VaPUC
008 990507e19960000SP |||||||||||||||||spa|d
082 0 4 |a 720.92  |b LEV  |2 21 
100 |a Levene, Richard C  |e author  |9 576536 
700 |a Márquez Cecilia, Fernando  |e autor  |9 576538 
245 1 0 |a Tadao Ando: 1983-1992 
300 |a 351 p 
942 |c BK 
945 |d 19990507 00:00:00  |a rbrito 
260 |a Madrid  |b El Croquis  |c 1996 
600 0 7 |a ANDO, TADAO  |2 CL-VaPUC  |9 428614 
650 0 |a Arquitectura japonesa   |9 334028 
650 0 |a Arquitectos japoneses   |9 428615 
650 0 |a Arquitectura  |y Siglo 20  |9 266208 
651 0 |a Japón   |9 260391 
583 |a last modification  |c 20160912 03:36:17  |k Rodrigo Vera 
999 |c 280708  |d 280706 
952 |0 0  |1 0  |4 0  |6 720_920000000000000_LEV_1996  |7 0  |8 A  |9 321181  |a BIBARQ  |b BIBARQ  |d 2019-11-20  |i 3503364  |l 5  |m 2  |o 720.92 LEV 1996  |p 3503364  |r 2025-01-20  |s 2022-11-07  |w 2019-11-20  |y BK  |k ARQ